00488nam a22001697a 450000500170000001000150001702000280003202000230006003500130008303700130009608200080010924500810011726000350019827000440023330000230027770000180030020150622170857.0 aENG-113094 a978818789189500c600.00 a8187891890c600.00 aEN-96626 bDBAD/PUB a920 aRaja Rammohun Roy :cedited by Asitabha Dasbcreator of the new Indian age / bReaders Servicec2010aKolkata bKolkatae700075a59/5A, Garfa Main Road axx,472p.c22cm(Hb) aDas, Asitabha